000 00849nam a2200289Ia 4500
003 OSt
005 20221007110449.0
006 a|||||r|||| 00| 0
007 ta
008 221006b |||||||| |||| 00| 0 eng d
020 _a0884107868
024 _a21,183
037 _cTextual
040 _aLCO
_cLCO
_beng
041 _2eng
_aeng
082 _aY12:45:6, L7
100 _aMiller Alden D.
_9707513
245 0 _aTheory of Social Reform
260 _aCambridge
_bBallinger Publishing Company U.S.A.
_c1977
300 _a280
500 _aCorrectional Change Processes in Two States
650 _aSOCIAL REFORM
_9707514
700 _a Coates Robert B.
_9707515
700 _a Ohlin Lloyd E.
_9348226
942 _hY12:45:6, L7
_cTEXL
999 _c1190746
_d1190746